Culture Générale - Série 2536 - Statistiques

Statistiques générales
  • Ce quiz a été pris 110 fois
  • Le résultat moyen est 5 sur 10
Statistiques - réponses
Question Réponse % Correct
"Pour une biguine avec toi"- "Elle a les yeux revolver" sont 2 succès de .... prénom et nom - voir photo Marc Lavoine
81%
Plante potagère associée souvent avec "rémoulade" céleri
77%
Symbole chimique de l'étain Sn
64%
Sur la rive de quel grand lac est implantée la ville américaine de Chicago ? Michigan
62%
Moulinet de bois formé d'une planchette mobile qui tourne bruyamment autour d'un axe - Voix aiguë, désagréable - petit rapace crécelle
50%
Pièce de poésie, de quatorze vers, composée de deux quatrains et de deux tercets sonnet
50%
Expression atténuée d'une notion dont l'expression directe aurait quelque chose de déplaisant, de choquant. Exemple : « Disparu » pour « mort » - 10 lettres euphémisme
47%
Propriétaire ou gérant(e) d'un hôtel (familier et péjoratif) taulier
25%
Jeune apprentie (surtout modiste, couturière (familier-vieilli) arpète
12%
Manifestation orale, bruyante et scandaleuse, contre qqn ou qqch - synonyme de "scandale" - 9 lettres esclandre
7%
Aucun quiz correspondant
Distribution des résultats
% des personnes avec chaque résultat
Percentile par nombre de réponses
Votre historique - résultats
Vous n’avez pas pris ce quiz